|
|
|
|
| LEADER |
01657cas a2200241 a 4500 |
| 001 |
AALejournalIMF022580 |
| 008 |
230101c9999 xx r poo 0 0eng d |
| 020 |
|
|
|c 5.00 USD
|
| 020 |
|
|
|z 9781498302029
|
| 022 |
|
|
|a 1018-5941
|
| 040 |
|
|
|a BD-DhAAL
|c BD-DhAAL
|
| 100 |
1 |
|
|a Das, Sonali.
|
| 245 |
1 |
0 |
|a China's Evolving Exchange Rate Regime /
|c Sonali Das.
|
| 264 |
|
1 |
|a Washington, D.C. :
|b International Monetary Fund,
|c 2019.
|
| 300 |
|
|
|a 1 online resource (31 pages)
|
| 490 |
1 |
|
|a IMF Working Papers
|
| 500 |
|
|
|a <strong>Off-Campus Access:</strong> No User ID or Password Required
|
| 500 |
|
|
|a <strong>On-Campus Access:</strong> No User ID or Password Required
|
| 506 |
|
|
|a Electronic access restricted to authorized BRAC University faculty, staff and students
|
| 520 |
3 |
|
|a China's exchange rate regime has undergone gradual reform since the move away from a fixed exchange rate in 2005. The renminbi has become more flexible over time but is still carefully managed, and depth and liquidity in the onshore FX market is relatively low compared to other countries with de jure floating currencies. Allowing a greater role for market forces within the existing regime, and greater two-way flexibility of the exchange rate, are important steps to build on the progress already made. This should be complemented by further steps to develop the FX market, improve FX risk management, and modernize the monetary policy framework.
|
| 538 |
|
|
|a Mode of access: Internet
|
| 830 |
|
0 |
|a IMF Working Papers; Working Paper ;
|v No. 2019/050
|
| 856 |
4 |
0 |
|z Full text available on IMF
|u http://elibrary.imf.org/view/journals/001/2019/050/001.2019.issue-050-en.xml
|z IMF e-Library
|